000
00321nam a22001457a 4500
003
OSt
005
20220214093733.0
008
220214b |||||||| |||| 00| 0 eng d
020
_a
0070624453
040
_c
HU
082
_a
627.23
100
_a
Sturm
_9
30333
245
_a
Open Channel Hydraulics
942
_2
ddc
_c
BOOKS
_n
0
999
_c
30111
_d
30111